| 000 | 00000nam##2200000za#4500 |
| 001 | 9.571125 |
| 003 | CaOODSP |
| 005 | 20210624182554 |
| 007 | cr ||||||||||| |
| 008 | 150406|2008||||xxc|||||o f|0| 0 eng|d |
| 022 | |a1919-3769 |
| 040 | |aCaOODSP|beng |
| 043 | |an-cn--- |
| 086 | 1 |aFs70-7/2008-015E-PDF |
| 110 | 1 |aCanada. |bDepartment of Fisheries and Oceans. |bMaritimes Region. |
| 245 | 10|aReview of cumulative effects report for Port Mouton, Nova Scotia |h[electronic resource] |
| 246 | 1 |aScience response : Port Mouton cumulative effects |
| 260 | |aOttawa - Ontario : |bFisheries and Oceans Canada. |cJanuary 2009. |
| 300 | |a4p.|bcoloured map, references |
| 490 | 1 |aCanadian Science Advisory Secretariat - science response |x1919-3769|v2008/015, Maritimes Region |
| 590 | |a11-28-Supp|b2011-11-17 |
| 775 | 08|tExamen d'un rapport sur des effets cumulatifs à Port Mouton, en Nouvelle-Écosse |w(CaOODSP)9.601764 |
| 830 | #0|aScience response (Canadian Science Advisory Secretariat)|x1919-3769|v2008/015, Maritimes Region|w(CaOODSP)9.506232 |
| 856 | 40|ahttp://publications.gc.ca|qPDF|s64 KB|uhttps://publications.gc.ca/collections/collection_2011/mpo-dfo/Fs70-7-2008-015-eng.pdf|y2008/015, Maritimes Region |